00698 2200169 4500245010500000250001100105700002500116700001900141650001600160005001900176260001800195041001400213084000800227300002600235500025800261336000900519 aKoleksi Karya Siswa Kelas XI-DKV b : Arsip Teks Argumentasi Tahun 2024cMaryam Qoshiro HisanhText aCet. 1 aMaryam Qoshiro Hisan aQurrotun Nissa aKarya Siswa a20240130134359 aJakartac2024 aIndonesia a081 aiv, 33 hlm. :c25 cm. aBuku ini berisi tentang isi pemikiran dari anak-anak Gen-Z, yang bukan hanya diisi game dan musik, yang bukan hanya tentang bermain, ingin hidup bebas dan bergelut dengan isi pikiran, tapi juga pemikiran dari sudut pandang yang berbobot dan argumentatif atext